Normal view
MARC view
- Amiratul Awatif,
Entry Personal Name
001 - CONTROL NUMBER
- control field: 8938
003 - CONTROL NUMBER IDENTIFIER
- control field: OSt
005 - DATE AND TIME OF LATEST TRANSACTION
- control field: 20170726123019.0
008 - FIXED-LENGTH DATA ELEMENTS
- fixed length control field: 170726|| aca||aabn | a|a d
040 ## - CATALOGING SOURCE
- Original cataloging agency: OSt
- Transcribing agency: OSt
100 ## - HEADING--PERSONAL NAME
- Personal name: Amiratul Awatif,
- Relator term: editor.
670 ## - SOURCE DATA FOUND
- Source citation: Work cat.: (OSt)0: Ziglar, Zig, author. 1448, SEE YOU AT THE TOP /

PORTAL AKMAL
E-MEL JKDM
AKMAL2U
G-BAM
u-PUSTAKA